| 000 | 00826nam a2200253 i 4500 | ||
|---|---|---|---|
| 001 | bg | ||
| 245 | 0 | 0 |
_aEkofilozofia : _bwybór tekstów / _c[wybór] Mirosław Brzostek, Jan Chojnacki, Tadeusz Kaleta. |
| 260 |
_aWarszawa : _bWydaw. SGGW [Szkoły Głównej Gospodarstwa Wiejskiego], _c1998. |
||
| 300 |
_a163, [1] s. ; _c24 cm. |
||
| 650 | 4 |
_aEkologia _xfilozofia |
|
| 700 | 1 | _aBRZOSTEK, Mirosław | |
| 700 | 1 | _aCHOJNACKI, Jan | |
| 700 | 1 | _aKALETA, Tadeusz | |
| 020 | _a8300031669 | ||
| 040 | _cBPK | ||
| 041 | 0 | _apl | |
| 080 | _a113/119 | ||
| 080 | _a179 | ||
| 080 | _a(075.8) | ||
| 920 | _a83-00-03166-9 | ||
| 942 | _cKS | ||
| 008 | s pl f |000 0 pol | ||
| 999 |
_c42013 _d42013 |
||
| 856 |
_uhttp://koha.tu.koszalin.pl/cgi-bin/koha/opac-detail.pl?biblionumber=42013 _yKatalog online BPK |
||